| 000 | 00000nas 2200000zi 4500 |
| 001 | 9.869329 |
| 003 | CaOODSP |
| 005 | 20250718101841 |
| 006 | m o d f |
| 007 | cr cn||||||||| |
| 008 | 190306c20159999oncar p|o f0 a0eng| |
| 022 | |a2562-4423 |
| 040 | |aCaOODSP|beng|erda|cCaOODSP |
| 043 | |an-cn--- |
| 086 | 1 |aSB1-14E-PDF |
| 222 | 0|aAnnual report on the Access to Information Act ... |b(Library and Archives Canada) |
| 245 | 00|aAnnual report on the Access to Information Act ... / |cLibrary and Archives Canada. |
| 264 | 1|aOttawa, Ontario : |bLibrary and Archives Canada = Bibliothèque et archives Canada, |c[2015]- |
| 310 | |aAnnual |
| 336 | |atext|btxt|2rdacontent |
| 337 | |acomputer|bc|2rdamedia |
| 338 | |aonline resource|bcr|2rdacarrier |
| 362 | 1 |aBegan with: 2014/2015. |
| 500 | |aIssued also in French under title: Rapport annuel, Loi sur l'accès à l'information ... |
| 692 | 07|2gccst|aAccess to information |
| 692 | 07|2gccst|aGovernment services |
| 710 | 2 |aLibrary and Archives Canada. |
| 775 | 08|tRapport annuel, Loi sur l'accès à l'information ... / |w(CaOODSP)9.869334 |
| 780 | 00|tAdministration of the Access to Information Act, annual report ... / |w(CaOODSP)9.869345 |